000 00402nam a2200193Ia 4500
001 13150
003 GE_BSU
008 181216s||||||||xx |||||||||||||| ||und||
020 _a9781407216843
040 _cGE_BSU
080 _a821.111-3
100 _aHoag,Tami.
245 _aDust to Dust.
260 _aLondon.
260 _c2007
300 _a419p;18cm.
653 _aDust to Dust.
942 _cBK
999 _c46314
_d46314